Quick Pick: Cheese of the World Quiz Stats

 Plays Quiz Updated Jun 27, 2017

Support Sporcle.
Go Orange.
Score 0/12 Timer 01:00
1 Play Today
% Correct
Greece
88.9%
United States
84.4%
Japan
84%
France
78.9%
United Kingdom
72.6%
Italy
72.4%
Philippines
59.3%
Netherlands
58%
Germany
51.1%
Denmark
45.4%
China
42%
Belgium
33.2%

Today's Daily Dose

You're not logged in!

Compare scores with friends on all Sporcle quizzes.
OR
Log In
Forgot?

From the Vault

Apollo 11

by GeoExpert

One small step for man, one giant leap for trivia.
Remove Ads.
Support Sporcle.
Get the best of Sporcle when you Go Orange. This ad-free experience offers more features, more stats, and more fun while also helping to support Sporcle. Thank you for becoming a member.

Show Comments

Extras

Top Quizzes Today


Score Distribution

Your Account Isn't Verified!

In order to create a playlist on Sporcle, you need to verify the email address you used during registration. Go to your Sporcle Settings to finish the process.

Report this User

Report this user for behavior that violates our Community Guidelines.

Details: